DJ Shadow Discography - Statistics

General Stats
  • This quiz has been taken 7 times
    4 since last reset
  • The average score is 9 of 28
Answer Stats
Type Year Name % Correct
Album 1996 Endtroducing...
100%
Album 2016 The Mountain Will Fall
50%
Album 2006 The Outsider
50%
Album 2002 The Private Press
50%
EP 2007 Bay Area EP
25%
Collaborative Live Album 1999 Brainfreeze
25%
Mix Album 2003 Diminishing Returns
25%
Remix Album 2016 Entroducing Re-Emagined
25%
Collaborative Mix Album 2005 Funky Skunk
25%
EP 2011 I Gotta Rokk
25%
EP 2011 I'm Excited
25%
Live Album 2006 Live at Brixton Academy December 2006
25%
Live Album 2004 Live! In Tune and On Time
25%
Album 2019 Our Pathetic Age
25%
Compilation 1998 Preemptive Strike
25%
Collaborative Live Album 2001 Product Placement
25%
Compilation 2012 Reconstructed: The Best of DJ Shadow
25%
Compilation 2007 The 4-Track Era Volume 1: Best of the KMEL Mixes (1991)
25%
Compilation 2007 The 4-Track Era Volume 2: Best of the Remixes and Megamixes (1990–1992)
25%
Compilation 2008 The 4-Track Era Volume 3: Best of the Original Productions (1990–1992)
25%
Remix Album 2010 The DJ Shadow Remix Project
25%
Collaborative Live Album 2007 The Hard Sell
25%
Collaborative Live Album 2008 The Hard Sell (Encore)
25%
Album 2011 The Less You Know, The Better
25%
EP 2014 The Liquid Amber EP
25%
EP 2017 The Mountain Has Fallen
25%
Remix Album 2003 The Private Repress
25%
Compilation 2012 Total Breakdown: Hidden Transmissions from the MPC Era 1992-1996
25%
No matching quizzes found
Score Distribution
Percent of People with Each Score
Percentile by Number Answered
Your Score History
You have not taken this quiz since the last reset